| 000 | 00675nam a2200217Ia 4500 | ||
|---|---|---|---|
| 003 | GCL | ||
| 008 | 140319s9999 xx 000 0 ara d | ||
| 040 |
_aGCL / _cGCL |
||
| 082 | 0 | 4 |
_a551.5 _bب ا |
| 100 | 1 | _aبرجس، س0ر | |
| 245 | 1 | 0 |
_aالارصاد الجوية لرواد الفضاء / _cبرجس، س0ر |
| 700 | 1 | _aميشيل ذكى رزق الله | |
| 700 | 1 | _aمحمد جمال الدين الفندى (مراجع) | |
| 300 | _a469 ص | ||
| 490 |
_aالالف كتاب _v0 |
||
| 650 | 0 | 4 | _aالبحار والمحيطات |
| 650 | 0 | 4 | _aالطقس |
| 650 | 0 | 4 | _aالارصاد الجوية |
| 650 | 0 | 4 | _aالتنبؤات الجوية |
| 942 |
_2ddc _cBK |
||
| 999 |
_c45246 _d45246 |
||